00270pam a2200109 a 4500020002000000041000500020082001300025100001600038245005800054260004000112300000800152 a81-7099-927-8c h a001bVER aVERMA ,B.P. aCURRENT RESEARCH IN LEARNING STYLEhTextual Documents aNEW DELHIbMITTAL PUBLICATIONc1999 a180